Vista normal Vista MARC

Entrada Materia (personas)

Número de registros utilizados en: 1

001 - CONTROL NUMBER

  • control field: 80098

003 - CONTROL NUMBER IDENTIFIER

  • control field: Co-BoUCM

005 - DATE AND TIME OF LATEST TRANSACTION

  • control field: 20160914100606.0

008 - FIXED-LENGTH DATA ELEMENTS

  • fixed length control field: 160914|| aca||aabn | a|a d

040 ## - CATALOGING SOURCE

  • Original cataloging agency: Co-BoUCM
  • Transcribing agency: Co-BoUCM

100 ## - HEADING--PERSONAL NAME

  • Personal name: Cerdá, Ildefonso
  • Dates associated with a name: 1816-1876

670 ## - SOURCE DATA FOUND

  • Source citation: Work cat.: (Co-BoUCM)304402: Cerdá, Ildefonso 1816-1876, Teoría general de la urbanización y aplicación de sus principios y doctrinas a la reforma y ensanche de Barcelona, [2013?]